| 000 | 00484nam a22001697a 4500 | ||
|---|---|---|---|
| 003 | CEME | ||
| 005 | 20210628203319.0 | ||
| 008 | 210126b xxu||||| |||| 00| 0 eng d | ||
| 020 | _a9788120331174 | ||
| 040 | _c. | ||
| 082 | _a005.133-C# RAO | ||
| 100 |
_aRao, B.Rama Krishna _964648 |
||
| 245 | _aProgramming with c#, concepts and practice | ||
| 260 |
_aNEW DELHI _bPRENTICE HALL OF INDIA _c2007 |
||
| 650 |
_aPROGRAMMING WITH C# - CONCEPTS AND PRACTICE _964649 |
||
| 942 |
_cBK _2ddc |
||
| 999 |
_c573079 _d573079 |
||